[Event "Bad Woerishofen op"]
[Site "Bad Woerishofen"]
[Date "2001.??.??"]
[Round "3"]
[White "Huhn, Ulrich"]
[Black "Liszka, Guenter"]
[Result "0-1"]
[WhiteElo "2048"]
[BlackElo "1750"]
[Annotator "ChessOrg"]
[PlyCount "124"]
[EventDate "1998.03.05"]
[Source "ChessBase"]
[SourceDate "1998.04.29"]

1. d4 {C10: Franzoesische Verteidigung (Rubinstein-Variante)} 1... d5 2. Nc3 e6
3. Nf3 Nd7 4. e4 dxe4 5. Nxe4 Ngf6 6. Nxf6+ Nxf6 7. Bd3 Be7 8. O-O O-O 9. Ne5 {
letzter Buchzug} 9... c5 (9... Qxd4 $4 10. Bxh7+ Nxh7 11. Qxd4 $18) 10. dxc5
Bxc5 11. Bg5 (11. Re1 Qd4 12. Qf3 12... Bd6 $14) 11... Be7 (11... h6 12. Bh4
$11) 12. f4 (12. Re1 h6 13. Bd2 13... Qc7 $14) 12... h6 13. Bh4 (13. Bxf6 Qb6+
14. Rf2 14... Bxf6 $11) 13... Nd5 (13... Qd4+ $5 14. Kh1 14... Qxb2 $15) 14.
Bxe7 $11 14... Qxe7 15. Qf3 Nf6 16. Kh1 Qc7 17. Rad1 Rb8 18. Ng4 Nxg4 19. Qxg4
b5 20. Rf3 f5 21. Qg3 Rf6 22. Qf2 Rg6 23. Rg3 Rxg3 24. Qxg3 a6 25. Qe3 Kh7 26.
Re1 Bd7 27. Qe5 (27. c3 27... Rd8 $14) 27... Qxe5 28. Rxe5 g6 29. Kg1 Kg7 30.
Kf2 Kf6 31. Rc5 (31. g3 31... g5 $14) 31... Rb7 (31... Rc8 32. Rxc8 Bxc8 33.
Ke3 $11) 32. Ke3 $14 32... Ke7 33. Kd4 Kd6 34. b4 Rb6 35. a3 h5 36. h3 h4 37.
Bf1 (37. c4 bxc4 38. Bxc4 38... Bb5 $14) 37... Bc6 $11 38. Rc3 Rb8 39. g3 (39.
Re3 $11 $142) 39... hxg3 $4 (39... g5 $17 $142) 40. Rxg3 $16 40... Rg8 41. Be2
(41. c4 $5 $16 $142) 41... Rh8 $11 42. Bf1 Rh4 43. Ke3 Rh6 44. c4 bxc4 45. Bxc4
Bb5 46. Bxb5 (46. Ba2 Rh4 47. Kf3 g5 48. fxg5 48... f4 $16) 46... axb5 $15 47.
Kd4 (47. Kf2 $5 $15 $142) 47... Rh4 $17 48. Ke3 Rh6 (48... g5 $5 49. Rxg5 Rxh3+
50. Kd4 50... Rf3 $19 (50... Rxa3 $6 51. Rxf5 Rf3 52. Rxb5 $11)) 49. Kd3 (49.
Kd4 $5 $11) 49... e5 $15 50. fxe5+ Kxe5 51. a4 (51. Ke2 $5 $15 $142) 51... bxa4
$19 52. Kc4 f4 53. Rg1 (53. Ra3 Ke4 54. Rxa4 54... f3 $19) 53... Kf5 (53... f3
54. Rh1 $19) 54. b5 (54. Ra1 $19 $142) 54... Rxh3 55. b6 (55. Ra1 Re3 56. Rb1
$19) 55... Ra3 $4 (55... Rb3 $142 56. Kc5 56... a3 $19) 56. Kb5 $4 (56. Rb1
$142 56... Re3 57. Rb5+ Kg4 58. b7 $16) 56... Rb3+ $19 57. Kc6 f3 58. b7 g5 59.
Kc7 g4 60. Rf1 Kf4 61. Rc1 $4 (61. b8=Q Rxb8 62. Kxb8 $19) 61... f2 62. Rf1 Kf3
(62... Kf3 63. Ra1 63... Kg2 $19) 0-1

[Event "Bad Woerishofen op"]
[Site "Bad Woerishofen"]
[Date "2001.??.??"]
[Round "6"]
[White "Huhn, Ulrich"]
[Black "Wawor, Gerhard"]
[Result "1-0"]
[WhiteElo "2048"]
[BlackElo "1887"]
[Annotator "ChessOrg"]
[PlyCount "131"]
[EventDate "1998.03.05"]
[Source "ChessBase"]
[SourceDate "1998.04.29"]

1. d4 {A40: Verschiedene (seltene) Antworten auf 1.d4} 1... e6 2. Nc3 2... Bb4
{letzter Buchzug} 3. Nf3 h6 4. e4 d5 5. Bd3 (5. e5 5... c5 $11) 5... dxe4 6.
Bxe4 Nf6 7. Bd3 b6 8. a3 Be7 9. Qe2 O-O 10. Ne4 Nbd7 11. Ne5 Bb7 12. O-O Nxe4
13. Bxe4 Bxe4 14. Qxe4 Nf6 15. Qe3 Re8 16. c3 Qd5 17. f4 (17. c4 $5 17... Qe4
18. Re1 Qxe3 19. Bxe3 $11) 17... c5 $15 18. Nf3 Rad8 19. Kh1 Qh5 20. Qe5 Rd5
21. Qxh5 Rxh5 22. Be3 Ne4 23. Kg1 Rd5 24. dxc5 Rd3 25. Rae1 25... Rxe3 $2 (
25... bxc5 $5 $142 26. Ne5 26... Rd6 $11) 26. Rxe3 $16 26... Bxc5 27. Nd4 Nd2
28. Rd1 Nc4 29. Re2 b5 30. Kf1 a6 31. Ke1 g6 32. Nc6 Ne3 33. Rd8 (33. Rd7 33...
Ra8 $18) 33... Kf8 (33... Rxd8 34. Nxd8 Kf8 35. Nc6 $18) 34. Rxe8+ (34. Rd7 Nd5
35. g3 35... Rc8 $18) 34... Kxe8 35. Rd2 Bb6 36. Ne5 Nd5 37. g3 Be3 38. Re2 g5
39. fxg5 hxg5 40. h4 gxh4 41. gxh4 Ke7 42. Ng4 Bf4 43. Kf2 Bc1 44. Kf3 f5 45.
Ne5 45... Nf6 $2 (45... Bh6 46. h5 $18) 46. Nc6+ (46. Nd3 $142 46... Bh6 47.
Nc5 $18) 46... Kd6 47. Nd4 Ne4 48. h5 Ng5+ 49. Kg2 f4 (49... Ne4 50. Nb3 Bh6
51. Re1 $18) 50. h6 $18 50... Be3 (50... f3+ 51. Nxf3 Nxf3 52. Kxf3 52... Bxh6
$18) 51. Nf3 Nh7 52. Nd4 $4 (52. Kf1 52... Ke7 $18) 52... Ng5 53. Nf3 $4 (53.
Kf1 53... Kd5 $18) 53... Nh7 54. Kf1 Ke7 55. Nd4 (55. Nh4 Kf6 56. Ng2 56... Kg6
$18) 55... Kf7 (55... Kf6 56. Nc6 $18) 56. Nc6 (56. Rg2 56... Nf8 $18) 56...
Kg6 57. Nb4 Ng5 58. Nxa6 Kxh6 59. Rxe3 (59. Nc7 Ne4 60. Ke1 60... Nd6 $18)
59... fxe3 60. Nc7 Ne4 61. Ke2 Nc5 (61... Nd6 62. Kxe3 e5 63. Nxb5 Nxb5 64. Ke4
Nd6+ 65. Kxe5 Nc4+ 66. Kd4 Nxb2 67. c4 $18) 62. Nxb5 Kg5 63. Kxe3 e5 64. b4 Nb7
(64... Na4 $18) 65. a4 Nd8 66. a5 (66. a5 Kf5 67. a6 $18) 1-0

[Event "Bad Woerishofen op"]
[Site "Bad Woerishofen"]
[Date "2001.??.??"]
[Round "8"]
[White "Huhn, Ulrich"]
[Black "Stiepan, Hans-Michael"]
[Result "1-0"]
[WhiteElo "2048"]
[BlackElo "1839"]
[Annotator "ChessOrg"]
[PlyCount "31"]
[EventDate "1998.03.05"]
[Source "ChessBase"]
[SourceDate "1998.04.29"]

1. d4 {A40: Verschiedene (seltene) Antworten auf 1.d4} 1... e6 2. Nc3 d5 3. Nf3
c5 4. e4 cxd4 5. Qxd4 Nc6 6. Bb5 Bd7 7. Bxc6 {letzter Buchzug} 7... bxc6 8.
exd5 cxd5 9. Bf4 Nf6 10. O-O Be7 11. Ne5 O-O 12. h3 Ne8 13. Nxd7 Qxd7 14. Rad1
Nd6 15. Rfe1 15... Nc4 $4 (15... Nf5 $142 16. Qd3 16... Rac8 $14) 16. Qxc4 $3
$18 (16. Qxc4 Rfc8 17. Qd3 $18) 1-0

[Event "Bad Woerishofen op"]
[Site "Bad Woerishofen"]
[Date "2001.??.??"]
[Round "2"]
[White "Hutter, Otto"]
[Black "Schoebel, Klaus"]
[Result "1-0"]
[WhiteElo "2210"]
[BlackElo "1580"]
[Annotator "ChessOrg"]
[PlyCount "81"]
[EventDate "1998.03.05"]
[Source "ChessBase"]
[SourceDate "1998.04.29"]

1. d4 {D02: Damenbauernspiele} 1... d5 2. Nf3 Nf6 3. Bf4 e6 4. e3 Be7 5. Nbd2
5... c6 {letzter Buchzug} 6. Bd3 Nbd7 7. O-O O-O 8. Ne5 c5 9. c3 c4 10. Bc2 Re8
11. Qf3 Nf8 (11... Nxe5 12. Bxe5 b5 13. a4 $14) 12. g4 (12. e4 dxe4 13. Nxe4
13... Ng6 $16) 12... Ng6 (12... N8d7 13. Nxd7 Nxd7 14. Rfe1 $11) 13. Qh3 Nd7
14. Ndf3 Ndxe5 15. Nxe5 (15. dxe5 $143 15... h6 $11) 15... Rf8 16. Bg3 f5 17.
b3 (17. Nxg6 hxg6 18. Be5 18... b5 $14) 17... cxb3 18. axb3 a6 19. c4 Nh4 20.
f4 (20. f3 20... Bf6 $14) 20... fxg4 $11 21. Qxg4 Nf5 22. Bf2 Rf6 (22... Bd6
23. e4 Nh6 24. Qg5 $11) 23. c5 Rh6 24. b4 Bf6 25. Kh1 Bh4 (25... Bd7 26. Rg1
$11) 26. Bxf5 (26. Bxh4 $142 26... Rxh4 27. Qf3 $16) 26... Bxf2 $2 (26... exf5
$142 27. Bxh4 27... Rxh4 $11 (27... fxg4 $143 28. Bxd8 g3 29. f5 $18) (27...
Qxh4 $6 28. Qg2 $14)) 27. Bxh7+ $1 $18 (27. Rxf2 $6 27... exf5 28. Qg3 28...
Re6 $11) 27... Kxh7 (27... Rxh7 28. Rxf2 $18) 28. Rxf2 Qf6 29. Rg2 Kg8 30. b5
a5 (30... Rh7 31. b6 $18) 31. Rga2 Rh4 32. Qg3 Rh7 (32... Rh5 33. Rxa5 Rxa5 34.
Rxa5 $18) 33. Rxa5 Rxa5 34. Rxa5 Qf5 35. Qg6 Qf8 36. Ra8 Rh6 37. Qg5 Qe8 (37...
Kh7 38. c6 bxc6 39. Ng4 $18 (39. bxc6 $143 39... Qe8 $18)) 38. Ng4 Rg6 39. Rxc8
$1 39... Qxc8 40. Qxg6 Qd7 (40... Kh8 $18) 41. Nf6+ (41. Nf6+ Kf8 42. Nxd7+ Ke7
43. Qxg7+ Kd8 44. Ne5 Kc8 45. Qf8+ Kc7 46. b6#) 1-0

[Event "Bad Woerishofen op"]
[Site "Bad Woerishofen"]
[Date "2001.??.??"]
[Round "4"]
[White "Hutter, Otto"]
[Black "Thurner, Michael"]
[Result "1-0"]
[WhiteElo "2210"]
[BlackElo "1495"]
[Annotator "ChessOrg"]
[PlyCount "49"]
[EventDate "1998.03.05"]
[Source "ChessBase"]
[SourceDate "1998.04.29"]

1. d4 {C01: Franzoesische Verteidigung (Abtauschvariante)} 1... e6 2. e4 d5 3.
exd5 exd5 4. Bd3 Bd6 5. c3 Ne7 6. Qh5 {letzter Buchzug} 6... Nd7 7. Bg5 (7.
Bxh7 $2 7... Nf6 8. Qe2 8... Nxh7 $19) 7... h6 8. Nf3 Nf6 (8... O-O $5 $11 $142
) 9. Bxf6 $16 9... gxf6 10. c4 (10. Nbd2 10... Qd7 $14) 10... Bb4+ 11. Nc3 Be6
12. c5 c6 13. Nh4 (13. O-O 13... Qc7 $14) 13... Qd7 14. Qf3 O-O-O 15. a3 Bxc3+
16. bxc3 Rhe8 17. Kd2 (17. Qxf6 $143 17... Ng8 18. Qf4 Bf5+ 19. Kd2 Bxd3 20.
Kxd3 20... Re4 $11) 17... Qc7 18. Rab1 h5 19. h3 (19. Qxh5 Qf4+ 20. Kc2 20...
Rh8 $17) (19. Qxf6 $6 19... Rd7 $18) 19... f5 20. Rb3 (20. Qxh5 Rh8 21. Qe2
21... Rxh4 $17) (20. Bxf5 $6 20... Nxf5 21. Nxf5 Bxf5 22. Qxf5+ 22... Kb8 $18)
20... Rd7 21. Rhb1 21... Qb8 $2 (21... Qa5 $18 $142) 22. Ba6 $1 (22. Qxh5 $6
22... Qf4+ 23. Ke1 23... Ng8 $18) (22. Bxf5 $6 22... Bxf5 23. Nxf5 Nxf5 24.
Qxf5 24... Re6 $18) 22... Rh8 23. a4 Rc7 24. Qf4 f6 (24... Rg8 $18) 25. Bxb7+ (
25. Bxb7+ Rxb7 26. Qxb8+ Kxb8 27. Rxb7+ Ka8 28. Rxe7 $18) (25. Qd6 $5 25... Bd7
26. Rxb7 Rxb7 27. Bxb7+ Qxb7 28. Rxb7 Kxb7 29. Qxd7+ Kb8 30. Qxe7 30... Ka8 $18
) 1-0

[Event "Bad Woerishofen op"]
[Site "Bad Woerishofen"]
[Date "2001.??.??"]
[Round "6"]
[White "Hutter, Otto"]
[Black "Joachim, Klaus"]
[Result "1-0"]
[WhiteElo "2210"]
[BlackElo "1600"]
[Annotator "ChessOrg"]
[PlyCount "93"]
[EventDate "1998.03.05"]
[Source "ChessBase"]
[SourceDate "1998.04.29"]

1. d4 {A47: Damenindisch (ohne c2-c4)} 1... Nf6 2. Nf3 b6 3. Bg5 3... d6 {
letzter Buchzug} 4. e3 Nbd7 5. Bc4 Bb7 6. O-O (6. d5 6... Ne4 $14) 6... e6 7.
Be2 Be7 8. c4 O-O 9. Nc3 Ne4 10. Bxe7 Qxe7 11. Nxe4 Bxe4 12. Nd2 Bb7 13. Bf3 d5
14. Rc1 c5 15. dxc5 bxc5 16. cxd5 exd5 17. Nb3 c4 (17... Rad8 18. Qc2 (18. Bxd5
$143 18... Nf6 $17) 18... c4 19. Nd4 $11) 18. Na5 $16 18... Nb6 19. Qd4 Rac8
20. Rfd1 (20. Nxb7 $5 20... Qxb7 21. Rfd1 $14) 20... Ba8 $11 21. Qd2 Rfd8 22.
b4 Qf6 23. Qd4 Rd6 24. Qxf6 Rxf6 (24... gxf6 $143 25. Kf1 $16) 25. Rd4 g6 26.
h4 h5 27. Kf1 Rf5 28. Ke2 Re5 29. g4 hxg4 30. Rxg4 Rd8 31. Rd1 Kg7 (31... Na4
$5 32. Rc1 32... Nb2 $11) 32. Nxc4 $14 32... Nxc4 33. Rxc4 dxc4 34. Rxd8 Bxf3+
35. Kxf3 Rb5 36. a3 a5 37. bxa5 Rxa5 38. Rc8 Rxa3 39. Rxc4 Ra5 40. Kg4 Rf5 41.
f3 Re5 42. e4 f5+ (42... Rb5 $5 $16) 43. Kf4 $18 43... Kf6 $4 (43... Rb5 $18
$142) 44. Rc6+ Re6 45. Rxe6+ Kxe6 46. exf5+ gxf5 47. Kg5 (47. Kg5 Kf7 48. Kxf5
$18) 1-0

[Event "Bad Woerishofen op"]
[Site "Bad Woerishofen"]
[Date "2001.??.??"]
[Round "7"]
[White "Hutter, Otto"]
[Black "Schnur, Gerhard"]
[Result "0-1"]
[WhiteElo "2210"]
[BlackElo "2144"]
[Annotator "ChessOrg"]
[PlyCount "112"]
[EventDate "1998.03.05"]
[Source "ChessBase"]
[SourceDate "1998.04.29"]

1. Nf3 {A48: Koenigsindisch (ohne c2-c4)} 1... Nf6 2. d4 g6 3. e3 Bg7 4. Be2 d5
5. Nbd2 O-O 6. Ne5 {letzter Buchzug} 6... Nbd7 7. f4 Nxe5 (7... c5 8. c4 $11)
8. fxe5 Ne4 (8... Ne8 9. e4 $11) 9. Nxe4 dxe4 10. O-O f5 11. exf6 exf6 12. c4
c6 13. Bd2 Be6 14. b4 f5 15. Be1 (15. Bc3 Qg5 16. Qd2 16... Rad8 $11) 15... Qg5
(15... f4 16. Qb3 fxe3 17. Rxf8+ Kxf8 18. Rd1 Bxd4 19. Qc2 $11) 16. Qd2 $11
16... Rad8 17. Rf4 $2 (17. Rd1 17... Be5 $11) 17... Qf6 (17... Qxf4 18. exf4
Bxd4+ 19. Kh1 Bxa1 20. Qc2 $19) 18. Rh4 $2 (18. Rd1 $11 $142) 18... Rxd4 $1 $19
19. Qc2 (19. Qxd4 Qxd4) 19... Rd7 20. Rb1 g5 21. Rh5 Bf7 22. Rh3 g4 23. Rh4 (
23. Rg3 h5 24. h4 24... Rfd8 $19 (24... Qxh4 $6 25. Rxg4 Qe7 26. Rg3 $17))
23... Qg5 (23... Bh6 24. Rxh6 Qxh6 25. Qc3 $19) 24. Qc1 Rfd8 (24... Bh6 25. Bf2
$19) 25. h3 Rd2 (25... g3 26. Rf4 $19) 26. Bxd2 Qxh4 27. Be1 g3 28. Bc3 Qg5 29.
Bxg7 Qxg7 30. Qe1 Qe5 31. Rd1 Rxd1 32. Qxd1 Kg7 33. Qe1 b6 34. a3 c5 35. bxc5
bxc5 36. a4 (36. Qc1 36... h5 $17) 36... Qd6 (36... f4 $5 37. exf4 Qxf4 38. a5
$19) 37. Qc1 Kf6 38. Qc3+ Qe5 39. Qc1 h6 40. Qe1 Be8 41. a5 Ba4 42. Qd2 Ke7 43.
Qe1 (43. Kf1 43... Be8 $17) 43... Bc2 44. Qc1 Bd3 45. Kf1 f4 46. exf4 Qd4 47.
Qe1 Bxc4 48. Qxg3 (48. Bxc4 Qxc4+ 49. Kg1 $19) 48... Qd1+ 49. Kf2 Qxe2+ (49...
Bxe2 50. Qg7+ Ke6 51. Qe5+ Kd7 52. Qf5+ Kc7 53. Qf7+ Kc6 54. Qe8+ Kd6 55. Qe5+
Kd7 56. Qf5+ Kd8 57. Qf8+ Kd7 58. Qf5+ $11) 50. Kg1 e3 (50... Qd1+ 51. Kh2 Qd4
52. Qg6 $19) 51. Qg7+ Kd8 52. Qf8+ Kd7 53. Qg7+ (53. Qxc5 Qf1+ 54. Kh2 Qxf4+
55. g3 Qf2+ 56. Kh1 Qf3+ 57. Kg1 Bd5 58. Qxa7+ Ke6 59. Qb6+ Bc6 60. Qb3+ Ke7
61. Qb4+ Ke8 62. Qb8+ Kd7 63. Qa7+ Ke6 64. Qxe3+ Qxe3+ 65. Kf1 Bf3 66. g4 Qe2+
67. Kg1 Qg2#) 53... Kc6 54. Qg6+ (54. Kh2 Bd5 55. a6 55... Bf3 $19) 54... Kb5
55. Qe8+ (55. Qb1+ Kxa5 56. Qa1+ Kb6 57. Qb1+ Bb5 58. Qg6+ Ka5 59. Qg7 $19)
55... Kxa5 56. Qd8+ Kb4 (56... Kb4 57. Kh2 Qd2 58. Qb8+ Bb5 59. Qxa7 e2 60. Qe7
Qxf4+ 61. Kh1 Qc1+ 62. Kh2 e1=Q 63. Qxe1+ Qxe1 64. h4 Qxh4+ 65. Kg1 h5 66. g3
Qxg3+ 67. Kh1 Bc6#) 0-1

[Event "Bad Woerishofen op"]
[Site "Bad Woerishofen"]
[Date "2001.??.??"]
[Round "9"]
[White "Hutter, Otto"]
[Black "Willin, Bernhard"]
[Result "1/2-1/2"]
[WhiteElo "2210"]
[BlackElo "1700"]
[Annotator "ChessOrg"]
[PlyCount "82"]
[EventDate "1998.03.05"]
[Source "ChessBase"]
[SourceDate "1998.04.29"]

1. Nf3 {A06: Zukertort-Eroeffnung} 1... d5 2. b3 Bf5 3. Bb2 e6 4. e3 Nf6 5. Be2
5... Bd6 {letzter Buchzug} 6. O-O Nbd7 7. d4 O-O 8. c4 c6 9. Nbd2 h6 10. Ne5
Qe7 11. f4 Rae8 12. c5 Bb8 13. b4 Ne4 14. Nxe4 (14. b5 Nxe5 15. fxe5 15... Qg5
$11) 14... Bxe4 $15 15. a4 Nxe5 (15... Bc7 16. Qd2 $15) 16. dxe5 $11 16... a5
17. Bd4 (17. b5 Qxc5 18. Bd4 18... Qb4 $11) 17... axb4 $15 18. Qb3 Ba7 19. Rfc1
Rb8 20. a5 Rfc8 21. Ra4 21... b6 $4 (21... Ra8 $15 $142) 22. axb6 $18 (22. cxb6
$6 22... c5 23. Ba6 Rc6 24. Rxb4 24... Rd8 $18) 22... Bxb6 23. cxb6 c5 24. Ra7
(24. Ba6 Rc6 25. Rxb4 25... Kh8 $18) 24... Qh4 $2 (24... Qf8 $142 25. b7 25...
Rc7 $18) 25. Rc7 Rxc7 26. bxc7 Rc8 27. Bxc5 (27. Rxc5 $5 27... Qe1+ 28. Bf1
28... Kh8 $18) 27... Rxc7 28. Qxb4 Kh7 29. Qa3 g5 (29... Rb7 30. Bb4 $18) 30.
Rf1 (30. Be7 $5 30... Rc2 31. Rxc2 Qe1+ 32. Bf1 Bxc2 33. fxg5 33... h5 $18)
30... g4 31. Bd3 Bxd3 32. Qxd3+ Kg7 33. Bd4 g3 34. hxg3 Qxg3 35. f5 h5 36. f6+
Kh6 37. Qd2 Kh7 38. Rf3 Qg6 39. Kh2 (39. Qe1 $142 39... Qg4 40. Rh3 $18) 39...
Rc2 $11 40. Qxc2 Qxc2 41. Rg3 Qf2 1/2-1/2

[Event "Bad Woerishofen op"]
[Site "Bad Woerishofen"]
[Date "2001.??.??"]
[Round "2"]
[White "Jaenig, Reinhard"]
[Black "Lieb, Harald"]
[Result "0-1"]
[WhiteElo "2090"]
[BlackElo "2259"]
[Annotator "ChessOrg"]
[PlyCount "72"]
[EventDate "1998.03.05"]
[Source "ChessBase"]
[SourceDate "1998.04.29"]

1. e4 {C16: Franzoesische Verteidigung (Nimzowitsch-Variante)} 1... e6 2. d4 d5
3. Nc3 Bb4 4. e5 Qd7 5. Qg4 f5 6. Qg3 b6 7. a3 Bxc3+ 8. Qxc3 {letzter Buchzug}
8... Ba6 9. Bd3 Ne7 10. Ne2 O-O 11. O-O Rc8 12. b4 Ng6 13. Be3 c6 14. f4 Qe7
15. Rac1 Bb7 (15... Bxd3 $5 16. Qxd3 16... a5 $11) 16. Qe1 a5 17. g4 (17. bxa5
$5 17... Rxa5 18. Rb1 $11) 17... Ba6 $15 18. Bxa6 Nxa6 (18... Rxa6 $5 19. gxf5
19... exf5 $15) 19. gxf5 $11 19... exf5 20. Ng3 Qf8 21. bxa5 bxa5 22. Qxa5 (22.
Qc3 22... a4 $14) 22... Nc7 $11 23. Qb4 Rxa3 24. Bd2 Ra2 25. Qxf8+ (25. Qd6 Qf7
26. Qxc6 26... Ne7 $11) 25... Rxf8 26. Bb4 Rf7 27. Bd6 Ne6 28. Rb1 h6 29. Rb8+
Kh7 30. Re8 Ngxf4 (30... Nexf4 $143 31. e6 Nxe6 32. Rxe6 $16) 31. Rxf4 Nxf4 32.
e6 Nxe6 33. Rxe6 f4 34. Nh5 f3 35. Nf4 Rxc2 36. Be5 $4 (36. Re7 Rxe7 37. Bxe7
$19) 36... Rb7 (36... Rb7 37. Rxh6+ gxh6 38. Ne2 Rxe2 39. Bg3 Rb1+ 40. Be1
Rbxe1#) 0-1

[Event "Bad Woerishofen op"]
[Site "Bad Woerishofen"]
[Date "2001.??.??"]
[Round "4"]
[White "Jaenig, Reinhard"]
[Black "Hipp, Hermann"]
[Result "1-0"]
[WhiteElo "2090"]
[BlackElo "2034"]
[Annotator "ChessOrg"]
[PlyCount "67"]
[EventDate "1998.03.05"]
[Source "ChessBase"]
[SourceDate "1998.04.29"]

1. e4 {B13: Caro-Kann (Abtausch-Variante 4.c4)} 1... c6 2. d4 d5 3. exd5 cxd5
4. Bd3 Nc6 5. c3 Nf6 6. h3 6... e6 {letzter Buchzug} 7. Bf4 Bd6 8. Bxd6 Qxd6 9.
Nf3 O-O 10. O-O a6 11. Re1 b5 12. Ne5 Bd7 13. Nd2 b4 14. Ndf3 bxc3 15. bxc3
Rfc8 16. Ng5 Nd8 17. Ng4 Qf4 (17... Rxc3 18. Nxf6+ gxf6 19. Nxh7 19... Qf4 $14)
18. Nxf6+ (18. g3 Qd6 19. Nxf6+ gxf6 20. Nxh7 20... e5 $18) 18... Qxf6 $2 (
18... gxf6 $142 19. Nxh7 19... Rxc3 $14) 19. Bxh7+ $18 19... Kf8 20. Qd2 g6 21.
h4 Kg7 (21... Qg7 22. Re3 $14) 22. Re3 Be8 23. Rae1 Qf4 24. g3 Qg4 25. Kg2 f6
26. Nxe6+ Nxe6 27. Rxe6 27... Kxh7 $4 (27... Bf7 28. Re7 Rh8 29. Rxf7+ 29...
Kxf7 $15) 28. Re7+ $18 28... Kg8 29. Qh6 Bf7 30. Rxf7 $1 30... Kxf7 31. Qh7+
Kf8 32. Re7 Qe4+ 33. Rxe4 dxe4 34. Qxg6 (34. Qxg6 Rxc3 35. h5 $18) 1-0

[Event "Bad Woerishofen op"]
[Site "Bad Woerishofen"]
[Date "2001.??.??"]
[Round "6"]
[White "Jaenig, Reinhard"]
[Black "van Hoolandt, Patrick"]
[Result "0-1"]
[WhiteElo "2090"]
[BlackElo "2211"]
[Annotator "ChessOrg"]
[PlyCount "86"]
[EventDate "1998.03.05"]
[Source "ChessBase"]
[SourceDate "1998.04.29"]

1. e4 {C48: Vierspringerspiel (Rubinstein-Variante)} 1... e5 2. Nf3 Nc6 3. Bb5
Nf6 4. Nc3 Bc5 5. Bxc6 {letzter Buchzug} 5... dxc6 6. Nxe5 Bxf2+ 7. Kxf2 Qd4+
8. Kf1 Qxe5 9. d4 Qe6 10. Qd3 b6 11. h3 (11. Bf4 11... Qe7 $14) 11... a5 12.
Kf2 Ba6 13. Qf3 Rd8 14. Rd1 Qc4 (14... c5 $142 15. Bg5 Rxd4 (15... cxd4 $143
16. e5 $18) 16. Bxf6 Qxf6 17. Qxf6 17... gxf6 $11) 15. b3 $4 (15. Bg5 $16 $142)
15... Qxc3 $3 $19 16. Qxc3 Nxe4+ 17. Kf3 Nxc3 18. Re1+ Kd7 19. Bb2 Nd5 20. c4
Nf6 21. g4 h6 22. Re5 Nh7 23. d5 (23. h4 23... Rhe8 $19) 23... f6 24. dxc6+
Kxc6 25. Re7 (25. Re6+ Kd7 26. Re3 Rhe8 27. Rd1+ Kc6 28. Rxd8 28... Rxd8 $19)
25... Rd7 (25... Ng5+ $5 $142 26. Kf4 Nxh3+ 27. Kg3 Rd3+ 28. Kg2 $19) 26. Rae1
(26. Re6+ Kb7 27. h4 Rd3+ 28. Ke4 28... Rh3 $19) 26... Ng5+ 27. Kg3 Rd3+ 28.
R1e3 Rxe3+ 29. Rxe3 Kd7 30. h4 Ne6 31. h5 Bb7 32. Rd3+ Ke7 33. a3 Rd8 34. Re3
Rd2 35. Bc3 Rg2+ 36. Kh4 Kf7 37. b4 (37. Be1 37... Ra2 $19) 37... axb4 (37...
Nf4 38. Be1 Ra2 39. Kg3 $19) 38. axb4 (38. Bxb4 Nf4 39. Re7+ 39... Kg8 $19)
38... c5 (38... Ng5 39. Be1 Bc8 40. Bg3 $19) 39. b5 (39. Be1 Ng5 40. bxc5 40...
Bc8 $19) 39... Rc2 (39... Ng5 $5 40. Bxf6 Kxf6 41. Re8 $19) 40. Be1 (40. Kg3
Ng5 41. Kf4 Rf2+ 42. Kg3 Rg2+ 43. Kf4 Ne6+ 44. Rxe6 44... Kxe6 $19) 40... Rxc4
41. Ra3 Rd4 42. Bg3 (42. Ra7 Rd7 43. Bf2 43... Ng5 $19) 42... Rd8 43. Ra7 Rd7 (
43... Rd7 44. Bf2 44... Ng5 $19) 0-1

[Event "Bad Woerishofen op"]
[Site "Bad Woerishofen"]
[Date "2001.??.??"]
[Round "8"]
[White "Jaenig, Reinhard"]
[Black "Duckstein, Torsten"]
[Result "1/2-1/2"]
[WhiteElo "2090"]
[BlackElo "1865"]
[Annotator "ChessOrg"]
[PlyCount "84"]
[EventDate "1998.03.05"]
[Source "ChessBase"]
[SourceDate "1998.04.29"]

1. e4 {C40: Lettisches Gambit} 1... e5 2. Nf3 d5 3. exd5 Bd6 4. Nc3 {
letzter Buchzug} 4... Nf6 5. d4 e4 6. Ne5 Nbd7 7. Nxd7 Bxd7 8. Be3 Bb4 9. Bc4 (
9. Bg5 9... O-O $14) 9... b5 10. Bb3 Bg4 (10... a5 $5 11. a3 Bxc3+ 12. bxc3
12... Bg4 $11) 11. Qd2 $16 11... Bxc3 (11... O-O 12. Bg5 $16) 12. Qxc3 (12.
bxc3 $6 12... Nxd5 13. O-O 13... O-O $14) 12... O-O 13. h3 Bh5 14. Qc6 Rb8 15.
Bf4 15... e3 $2 (15... Ne8 16. c3 $18) 16. O-O (16. Bxc7 exf2+ 17. Kxf2 Ne4+
18. Kg1 18... Qg5 $18) 16... Rb6 (16... exf2+ 17. Rxf2 Ne8 18. Re1 $18) 17.
Bxc7 17... Qe7 $2 (17... Rxc6 18. Bxd8 18... e2 $18) 18. Bxb6 exf2+ 19. Rxf2
axb6 20. d6 (20. Qxb5 $5 $142 20... Ne4 21. Rff1 21... Qh4 $18) 20... Qe3 21.
Qc3 (21. Raf1 $5 $142 21... Ne4 22. Qxb6 22... Be2 $18) 21... Qxf2+ 22. Kxf2
Ne4+ 23. Kf1 Nxc3 24. bxc3 Rd8 25. Re1 Kf8 26. a4 Rxd6 27. axb5 Bg6 28. Ke2 Bf5
29. Kd2 Bd7 30. Bc4 Rg6 31. g4 h5 32. gxh5 Rg5 33. Rf1 Bxb5 34. Rxf7+ Ke8 35.
Rc7 (35. Be6 Rg2+ 36. Kc1 36... Be2 $18) 35... Kd8 (35... Rg2+ $142 36. Ke3 Kd8
37. Rxg7 Rxg7 38. Bxb5 Rg3+ 39. Ke4 39... Rxh3 $16) 36. Bxb5 (36. Rxg7 $1 $142
36... Rxg7 37. Bxb5 $18) 36... Kxc7 $14 37. Be2 Rg2 38. Kd1 (38. c4 38... Rh2
$14) 38... Rg3 (38... Rg1+ 39. Kd2 $11) 39. c4 $14 39... Rxh3 40. Kd2 Kd6 41.
Bd1 Rg3 42. Be2 (42. c3 42... Kd7 $14) 42... Rh3 $11 1/2-1/2

[Event "Bad Woerishofen op"]
[Site "?"]
[Date "2001.??.??"]
[Round "1"]
[White "Jenni, Florian"]
[Black "Schiegg, Peter"]
[Result "1-0"]
[WhiteElo "2493"]
[BlackElo "2049"]
[Annotator "ChessOrg"]
[PlyCount "77"]
[EventDate "2000.??.??"]

1. e4 {B76: Sizilianisch (Moderne Drachen-Variante)} 1... c5 2. Nf3 d6 3. d4
cxd4 4. Nxd4 Nf6 5. Nc3 g6 6. Be3 Bg7 7. f3 O-O 8. Qd2 Nc6 9. O-O-O Bd7 10. Kb1
Rc8 11. g4 Ne5 12. Be2 12... Nc4 {letzter Buchzug} 13. Bxc4 Rxc4 14. h4 Bxg4 (
14... Qa5 $5 $14 $142) 15. fxg4 $18 15... Nxg4 16. Bg1 h5 17. Qe2 Rc8 18. Nd5
e6 19. Ne3 Nf6 20. Qd3 d5 (20... Nd7 21. Ng2 $14) 21. exd5 $16 21... Nxd5 22.
Nxd5 (22. Qb3 22... Qa5 $16) 22... Qxd5 23. Bf2 Rfd8 24. Qe2 Qa5 25. c3 a6 26.
Rd3 b5 (26... Qa4 $5 $16) 27. Rhd1 Qc7 28. Bg3 (28. Nxe6 fxe6 29. Qxe6+ 29...
Kh7 $18) 28... Qb6 29. Nf3 Rxd3 30. Qxd3 b4 31. c4 Qc5 32. b3 a5 33. Bd6 Qf2
34. Rd2 Qb6 35. Be5 Bxe5 (35... a4 36. Qd7 Ra8 37. Ng5 Qg1+ 38. Rd1 $18) 36.
Nxe5 Qg1+ 37. Rd1 37... Qh2 $4 (37... Qc5 $142 38. Qg3 38... a4 $18) 38. Nxf7
$1 38... Rf8 39. Qxg6# 1-0